My first letters book. (Record no. 411077)
[ view plain ]
| 000 -LEADER | |
|---|---|
| fixed length control field | 01537cam a2200409 i 4500 |
| 001 - CONTROL NUMBER | |
| control field | on1463705673 |
| 003 - CONTROL NUMBER IDENTIFIER | |
| control field | OCoLC |
| 005 - DATE AND TIME OF LATEST TRANSACTION | |
| control field | 20250822181425.0 |
| 008 - FIXED-LENGTH DATA ELEMENTS--GENERAL INFORMATION | |
| fixed length control field | 241024s2024 enka a 000 1 eng d |
| 040 ## - CATALOGING SOURCE | |
| Original cataloging agency | IG# |
| Language of cataloging | eng |
| Description conventions | rda |
| Transcribing agency | IG# |
| 019 ## - | |
| -- | 1454737426 |
| 020 ## - INTERNATIONAL STANDARD BOOK NUMBER | |
| International Standard Book Number | 9780008696900 |
| Qualifying information | (board book) |
| 020 ## - INTERNATIONAL STANDARD BOOK NUMBER | |
| International Standard Book Number | 000869690X |
| Qualifying information | (board book) |
| 035 ## - SYSTEM CONTROL NUMBER | |
| System control number | (OCoLC)1463705673 |
| Canceled/invalid control number | (OCoLC)1454737426 |
| 082 04 - DEWEY DECIMAL CLASSIFICATION NUMBER | |
| Classification number | [E] |
| Edition number | 23 |
| 049 ## - LOCAL HOLDINGS (OCLC) | |
| Holding library | WACL |
| 245 00 - TITLE STATEMENT | |
| Title | My first letters book. |
| 246 1# - VARYING FORM OF TITLE | |
| Display text | At head of title : |
| Title proper/short title | Adventures of Paddington |
| 264 #1 - Production, Publication, Distribution, Manufacture, and Copyright Notice. | |
| Place of production, publication, distribution, manufacture | London : |
| Name of producer, publisher, distributor, manufacturer | HarperCollins Children's Books, |
| Date of production, publication, distribution, manufacture, or copyr | [2024] |
| 300 ## - PHYSICAL DESCRIPTION | |
| Extent | 1 volume (unpaged) : |
| Other physical details | color illustrations ; |
| Dimensions | 18 cm |
| 336 ## - Content Type | |
| Content type term | text |
| 337 ## - Media type | |
| Media type term | unmediated |
| 338 ## - Carrier type | |
| Carrier type term | volume |
| 500 ## - GENERAL NOTE | |
| General note | Cover title. |
| 500 ## - GENERAL NOTE | |
| General note | On board pages. |
| 521 1# - TARGET AUDIENCE NOTE | |
| Target audience note | 02-05. |
| 521 2# - TARGET AUDIENCE NOTE | |
| Target audience note | P-K. |
| 588 ## - | |
| -- | Description based on publisher data; resource not viewed. |
| -- | TnLvILS |
| 520 ## - SUMMARY, ETC. | |
| Summary, etc | Toddlers will love learning their first letters with the bear from Peru. With simple words, bright colourful images from the animatedpreschool TV series, The Adventures of Paddington, and sturdy boardpages this book is a great introduction to the alphabet for preschoolers. |
| 650 #0 - SUBJECT ADDED ENTRY--TOPICAL TERM | |
| Topical term or geographic name as entry element | Alphabet |
| Form subdivision | Juvenile fiction. |
| 9 (RLIN) | 5689531 |
| 650 #1 - SUBJECT ADDED ENTRY--TOPICAL TERM | |
| Topical term or geographic name as entry element | Alphabet |
| Form subdivision | Fiction. |
| 9 (RLIN) | 5692393 |
| 655 #7 - INDEX TERM--GENRE/FORM | |
| Genre/form data or focus term | Picture books. |
| Source of term | lcgft |
| 655 #7 - INDEX TERM--GENRE/FORM | |
| Genre/form data or focus term | Board books. |
| Source of term | lcgft |
| 938 ## - | |
| -- | Ingram Library Services |
| -- | INGR |
| -- | in902894824 |
| 936 ## - OCLC/CONSER MISCELLANEOUS DATA (OCLC); PIECE USED FOR CATALOGING (pre-AACR2) (RLIN) | |
| OCLC control number(s) of parallel record(s) (OCLC); Piece used for cataloging, PUC (RLIN) | BATCHLOAD |
| 994 ## - | |
| -- | C0 |
| -- | WACOL |
| Withdrawn status | Lost status | Source of classification or shelving scheme | Damaged status | Not for loan | Collection code | Home library | Current library | Shelving location | Date acquired | Source of acquisition | Total Checkouts | Total Renewals | Full call number | Barcode | Checked out | Date last seen | Date checked out | Cost, replacement price | Price effective from | Koha item type |
|---|---|---|---|---|---|---|---|---|---|---|---|---|---|---|---|---|---|---|---|---|
| Dewey Decimal Classification | Children Board Books | Wasatch County Library | Wasatch County Library | Main Floor Childrens Area | 08/22/2025 | Penworthy | 6 | 5 | BB Bond | 34301002165217 | 05/05/2026 | 03/09/2026 | 03/09/2026 | 6.99 | 08/22/2025 | BOOK |
